000 00937nas a2200325 4500
001 BR2011007591
003 BR-BrBNA
005 20231205115807.0
007 ta
008 230509b bl.|||p| |||| 00| 00por d
040 _aBR-BrBNA
_bpor
_cBiblioteca Nacional de Agricultura
041 _a(Pt)
072 _aJ14
100 1 _aBertolin, T.E.
100 1 _aGuarienti, C.
100 1 _aFarias, D.
100 1 _aSouza, F.T.
100 1 _aGutkiski, L.C.
100 1 _aColla, L.M.
245 1 _aEfeito antioxidante da ficocianina em pescado salgado-seco
650 _aPACU
650 _aPEIXE DE ÁGUA DOCE
650 _aARMAZENAMENTO
650 _aANTIOXIDANTE
650 _aCONSERVAÇÃO
650 _aPRESERVAÇÃO DE ALIMENTO
773 0 _tCiência e Agrotecnologia (Brazil)
_xISSN 1413-7054
_g(Jul-Aug 2011), v. 35(4) p. 751-757
_wBR2011007591
909 _a202311
_bLúcia
_c55
_dLúcia Elande
942 _2AGRIS
_n0
_cANA
999 _c215720
_d215720